| 000 | 01093 a2200337 4500 | ||
|---|---|---|---|
| 264 |
_aAnkara : _bTOBB ETÜ Sosyal Bilimler Enstitüsü, _c2013. |
||
| 999 |
_c200130658 _d30559 |
||
| 001 | 200130658 | ||
| 003 | TR-AnTOB | ||
| 005 | 20260210134041.0 | ||
| 008 | 131009s2013 tu 000 0 | ||
| 040 |
_aTR-AnTOB _cTR-AnTOB |
||
| 041 | 0 | _aeng | |
| 099 | _aTEZ TOBB SBE İKT YL'13 ÇİÇ | ||
| 100 | 1 |
_aÇiçekli, İbrahim _993494 |
|
| 245 | 1 | 4 |
_aThe two-person guessing game with asymmetric players / _cİbrahim Çiçekli. |
| 300 |
_ax, 50 sayfa ; _c29 cm. |
||
| 502 | _aTez (Y. Lisans)--TOBB ETÜ Sosyal Bilimler Enstitüsü Ağustos 2013 | ||
| 504 | _aIncludes bibliographical references. | ||
| 650 | 0 | 0 |
_932546 _aTezler, Akademik |
| 650 | 0 | 0 |
_aDissertations, Academic _932543 |
| 653 | _aGuessing Game. | ||
| 653 | _aAsymmetry. | ||
| 653 | _aConvergence. | ||
| 653 | _aTahmin Oyunu. | ||
| 653 | _aAsimetri. | ||
| 653 | _aYakınsama. | ||
| 710 | 2 | 2 |
_aTOBB Ekonomi ve Teknoloji Üniversitesi. _bSosyal Bilimler Enstitüsü _995247 |
| 856 | _ahttps://tez.yok.gov.tr/ | ||
| 942 |
_cTEZ _2z |
||